[Event "XV MIEDZYNARODOWY FESTIWAL SZACHOWY PERLA BALTYKU - GRUPA A"]
[Site "LAZY"]
[Date "1899-12-30"]
[Round "1.1"]
[White "Koziak, Vitali"]
[Black "Zabron, Maksym"]
[Result "1-0"]
[WhiteTitle "IM"]
[BlackTitle "I"]
[WhiteElo "2473"]
[BlackElo "1797"]

1. d4 Nf6 2. c4 g6 3. Nc3 Bg7 4. e4 d6 5. Nf3 O-O 6. Be2 e5 7. Be3 Nc6 8. d5 Ne7
9. Nd2 Ne8 10. O-O f5 11. f3 f4 12. Bf2 g5 13. c5 Rf6 14. Nc4 Rg6 15. cxd6 cxd6
16. Nb5 b6 17. a4 Ba6 18. Qb3 Bxb5 19. Qxb5 h5 20. a5 Nc7 21. Qb3 b5 22. Na3 a6
23. Rfc1 Qd7 24. Bb6 Rc8 25. h3 Ne8 26. Bxb5 axb5 27. Qxb5 Nf6 28. Qxd7 Nxd7 29.
Rxc8+ Nxc8 30. Bf2 Rf6 31. Nc4 Rf8 32. a6 Kf7 33. a7 Nxa7 34. Rxa7 Ke7 35. Nb6
Rd8 36. Rc7 Ke8 37. Nc8 Bf8 38. b4 Nb8 39. b5 Rd7 40. b6 Kd8 41. Rc4 Rb7 42. Na7
Kd7 43. Nc6 Na6 44. Ra4 Nb8 45. Na5 1-0

[Event "XV MIEDZYNARODOWY FESTIWAL SZACHOWY PERLA BALTYKU - GRUPA A"]
[Site "LAZY"]
[Date "1899-12-30"]
[Round "1.2"]
[White "Cyra, Dariusz"]
[Black "Cukrowski, Filip"]
[Result "0-1"]
[WhiteTitle "I"]
[BlackTitle "FM"]
[WhiteElo "1791"]
[BlackElo "2421"]

1. d4 Nf6 2. Nf3 e6 3. Bf4 b6 4. e3 Bb7 5. h3 c5 6. Nbd2 Nc6 7. c3 Be7 8. Bd3 d6
9. O-O O-O 10. Qe2 Re8 11. Rad1 Qc7 12. Ne4 Nxe4 13. Bxe4 g6 14. h4 Rad8 15. h5
Bf6 16. Bg5 Qe7 17. Bxf6 Qxf6 18. Nd2 d5 19. Bd3 e5 20. dxc5 bxc5 21. e4 Ne7 22.
Bb5 Rf8 23. exd5 Nxd5 24. Ne4 Qe7 25. g3 f5 26. Nd2 Kg7 27. f4 exf4 28. Qxe7+
Nxe7 29. gxf4 gxh5 30. Nb3 Kf6 31. Rxd8 Rxd8 32. Rf2 Rc8 33. Na5 Be4 34. Nc4 Rg8+
35. Kh2 Rg4 36. Ne5 Rh4+ 37. Kg3 Rh1 38. Nd7+ Kg7 39. Rh2 Rg1+ 40. Kf2 Rb1 41.
Kg3 Ng6 42. Nxc5 h4+ 43. Kh3 Rg1 44. Nxe4 Nxf4+ 0-1

[Event "XV MIEDZYNARODOWY FESTIWAL SZACHOWY PERLA BALTYKU - GRUPA A"]
[Site "LAZY"]
[Date "1899-12-30"]
[Round "1.3"]
[White "Swicarz, Maciej"]
[Black "Rogala, Milosz"]
[Result "1-0"]
[WhiteTitle "m"]
[BlackTitle "II"]
[WhiteElo "2341"]
[BlackElo "1791"]

1. b3 d5 2. Bb2 Bf5 3. e3 c6 4. g4 Bg6 5. Nf3 f6 6. d4 Nd7 7. c4 e6 8. Nc3 Bd6
9. h4 Ne7 10. h5 Bf7 11. Qc2 b6 12. O-O-O Qc7 13. Kb1 O-O-O 14. cxd5 Nxd5 15.
Rc1 Kb8 16. Bg2 Rc8 17. Nd2 Nxc3+ 18. Qxc3 Kb7 19. b4 e5 20. b5 Nb8 21. bxc6+
Nxc6 22. Qd3 Qe7 23. Nc4 Rc7 24. dxe5 Bxe5 25. Bxe5 fxe5 26. Nd6+ 1-0

[Event "XV MIEDZYNARODOWY FESTIWAL SZACHOWY PERLA BALTYKU - GRUPA A"]
[Site "LAZY"]
[Date "1899-12-30"]
[Round "1.4"]
[White "Sypien, Natan"]
[Black "Karpus, Michal"]
[Result "1/2-1/2"]
[WhiteTitle "I"]
[BlackTitle "FM"]
[WhiteElo "1769"]
[BlackElo "2312"]

1. d4 Nf6 2. Bg5 d5 3. e3 e6 4. c4 Nbd7 5. Nc3 c6 6. Nf3 h6 7. Bh4 g5 8. Bg3 Nh5
9. Be5 Nxe5 10. Nxe5 Nf6 11. cxd5 exd5 12. Qc2 Be6 13. Bd3 Bd6 14. Bf5 Qc8 15.
Bxe6 Qxe6 16. Nd3 Qg4 17. g3 h5 18. Qe2 O-O-O 19. h4 Ne4 20. O-O-O Qxe2 21. Nxe2
g4 22. Nc3 Nf6 23. Kb1 a5 24. Rc1 Kb8 25. a4 b6 26. Rc2 Kb7 27. b3 Rc8 28. Rd1
Rc7 29. Kb2 Rd8 30. Kc1 Bb4 31. Kb2 Bd6 32. Kb1 Ka6 33. Ka2 b5 34. Rdc1 Kb6 35.
Kb2 b4 1/2-1/2

[Event "XV MIEDZYNARODOWY FESTIWAL SZACHOWY PERLA BALTYKU - GRUPA A"]
[Site "LAZY"]
[Date "1899-12-30"]
[Round "1.5"]
[White "Luba, Lukasz"]
[Black "Kruczynski, Marek"]
[Result "1-0"]
[WhiteTitle "I++"]
[BlackTitle "I"]
[WhiteElo "2177"]
[BlackElo "1744"]

1. d4 Nf6 2. Nc3 d5 3. g3 b6 4. Bg2 Bb7 5. Nf3 e6 6. O-O h6 7. Bf4 Bd6 8. Ne5 O-O
9. Qd2 Re8 10. Rad1 Bf8 11. g4 Nh7 12. e4 c6 13. Rfe1 Nd7 14. Nf3 Ndf6 15. e5
Ne4 16. Nxe4 dxe4 17. Rxe4 f5 18. gxf5 exf5 19. Re3 g5 20. Nxg5 hxg5 21. Bxg5
Nxg5 22. Rg3 Be7 23. h4 Kf7 24. hxg5 Kg6 25. f4 Rh8 26. Bf3 Rh4 27. Qg2 Qd7 28.
Rh3 Rah8 29. Rxh4 Rxh4 30. Qg3 Rh8 31. c3 a5 32. Rd2 Bf8 33. b3 Qe7 34. Rh2 Rxh2
35. Qxh2 Qh7 36. Qxh7+ Kxh7 37. c4 Kg6 38. Kf2 Ba3 39. d5 cxd5 40. cxd5 Bc5+ 41.
Kg3 b5 42. d6 Bxf3 43. Kxf3 Kf7 44. a4 bxa4 45. bxa4 Bb4 46. Ke3 Bc5+ 47. Kd3
Bb6 48. Kc4 Be3 49. d7 Ke7 50. g6 Bxf4 51. g7 1-0

[Event "XV MIEDZYNARODOWY FESTIWAL SZACHOWY PERLA BALTYKU - GRUPA A"]
[Site "LAZY"]
[Date "1899-12-30"]
[Round "1.6"]
[White "Sloniewski, Michal"]
[Black "Klusak, Piotr"]
[Result "0-1"]
[WhiteTitle "I"]
[BlackTitle "k"]
[WhiteElo "1744"]
[BlackElo "2152"]

1. Nf3 Nf6 2. g3 b6 3. Bg2 Bb7 4. d4 e6 5. c4 Be7 6. O-O O-O 7. Nbd2 c5 8. Qc2
cxd4 9. Nxd4 Bxg2 10. Kxg2 Qc8 11. e4 Nc6 12. N2f3 Qb7 13. Re1 Rac8 14. Bg5 Nxd4
15. Nxd4 d5 16. exd5 Nxd5 17. Qe4 Bxg5 18. cxd5 Qxd5 19. Qxd5 exd5 20. Re5 Bf6
21. Rxd5 Rfd8 22. Rxd8+ Rxd8 23. Nc6 Rd2 24. Nxa7 Bd4 25. Rf1 Rxb2 26. Rd1 Rxf2+
27. Kh3 Bf6 28. Rb1 Rxa2 29. Rxb6 h5 30. Nc8 Rf2 31. Nd6 g5 32. g4 Rf3+ 33. Kg2
hxg4 34. Ne4 Kg7 35. Nxf6 Rxf6 36. Rb5 Kg6 37. Kg3 Rf4 38. Rb8 Ra4 39. Rb3 f6
40. Rc3 Rd4 41. Ra3 Rf4 42. Ra5 Kh5 43. Ra8 Rf3+ 44. Kg2 Kg6 45. Ra5 f5 46. Ra6+
Kh5 47. Ra8 Rb3 48. Rh8+ Kg6 49. Ra8 f4 50. Ra6+ Kh5 51. Rc6 Rb2+ 52. Kg1 f3 53.
Rf6 Rb1+ 54. Kf2 Rh1 55. Rf8 Rxh2+ 56. Kf1 Ra2 57. Rh8+ Kg6 58. Rg8+ Kf5 59. Rf8+
Ke4 60. Re8+ Kf4 61. Rb8 g3 62. Rb4+ Kf5 63. Rb5+ Kg4 0-1

[Event "XV MIEDZYNARODOWY FESTIWAL SZACHOWY PERLA BALTYKU - GRUPA A"]
[Site "LAZY"]
[Date "1899-12-30"]
[Round "1.7"]
[White "Krainski, Aleksander"]
[Black "Morczynski, Joachim"]
[Result "1-0"]
[WhiteTitle "FM"]
[BlackTitle "III"]
[WhiteElo "2117"]
[BlackElo "1733"]

1. d4 Nf6 2. Nf3 g6 3. Bg5 Bg7 4. Nbd2 O-O 5. c3 d6 6. e4 c5 7. dxc5 dxc5 8. Qc2
Nc6 9. Be2 Qc7 10. O-O b6 11. Rfe1 Bb7 12. Nc4 Nd7 13. Bh4 Nde5 14. Nfxe5 Nxe5
15. Bg3 a6 16. a4 Bc6 17. a5 b5 18. Nb6 Rad8 19. Nd5 Bxd5 20. exd5 c4 21. f4 Nd7
22. Bf3 Nc5 23. f5 Qa7 24. Bf2 Qc7 25. Qe2 Bf6 26. Bg3 Qa7 27. Qe3 Rd7 28. Bf2
Rc7 29. Rad1 Rd8 30. Qf4 Rcd7 31. Qe3 Rc7 32. h4 Kg7 33. Qf4 Rcd7 34. Be3 Kh8
35. fxg6 fxg6 36. h5 Qc7 37. Qh6 Bg7 38. Qg5 Nd3 39. Bb6 Qd6 40. Rxd3 cxd3 41.
Re6 Qb8 42. hxg6 h6 43. Qe3 Rf8 44. Qxd3 Qf4 45. Be3 Qg3 46. Bf2 Qg5 47. Qe3 Qxe3
48. Rxe3 Rd6 49. Rxe7 Rxg6 50. Kf1 b4 51. cxb4 Bxb2 52. Ke2 Rb8 53. Bc5 Bc3 54.
Re4 Rg5 55. Kd3 Bg7 56. Re6 1-0

[Event "XV MIEDZYNARODOWY FESTIWAL SZACHOWY PERLA BALTYKU - GRUPA A"]
[Site "LAZY"]
[Date "1899-12-30"]
[Round "1.8"]
[White "Majewski, Krzysztof"]
[Black "Luczak, Filip"]
[Result "1/2-1/2"]
[WhiteTitle "II+"]
[BlackTitle "CM"]
[WhiteElo "1727"]
[BlackElo "2114"]

1. e4 c5 2. Nf3 e6 3. d4 cxd4 4. Nxd4 Nf6 5. Nc3 Nc6 6. Be3 Bb4 7. Nxc6 bxc6 8.
Bd3 d5 9. exd5 Nxd5 10. Bd2 Nxc3 11. bxc3 Be7 12. O-O O-O 13. Qf3 Qd5 14. Qe2
Bf6 15. c4 Qe5 16. Qxe5 Bxe5 17. Rab1 Ba6 18. Be3 Rfd8 19. Rb3 Bd4 20. Ra3 Bxe3
21. fxe3 Bc8 22. Rb1 f5 23. Ra5 Rd7 24. Kf2 Kf7 25. Ke2 Kf6 26. e4 g6 27. g3 Ke7
28. h3 Kd6 29. Ke3 Rf7 30. e5+ Kc7 31. c5 Kd8 32. Bc4 Rc7 33. Rb3 Ke7 34. Kf4
h6 1/2-1/2

[Event "XV MIEDZYNARODOWY FESTIWAL SZACHOWY PERLA BALTYKU - GRUPA A"]
[Site "LAZY"]
[Date "1899-12-30"]
[Round "1.9"]
[White "Sokolowski, Ryszard"]
[Black "Szydelko, Kazimierz"]
[Result "0-1"]
[WhiteTitle "k"]
[BlackTitle "I"]
[WhiteElo "2064"]
[BlackElo "1699"]

1. d4 Nf6 2. c4 e6 3. Nc3 d5 4. cxd5 exd5 5. Bg5 Be7 6. e3 O-O 7. Bd3 c6 8. Qc2
h6 9. Bh4 Be6 10. Nge2 Re8 11. O-O Nbd7 12. f3 c5 13. Rad1 Rc8 14. Qb1 cxd4 15.
Nxd4 Ne5 16. Bb5 Nfd7 17. Bxe7 Qxe7 18. f4 Ng4 19. f5 Nxe3 20. fxe6 fxe6 21. Rfe1
Nxd1 22. Qxd1 Qd6 23. Kh1 Re7 24. Ba4 Rf8 25. h3 Rf2 26. Qd3 Nc5 27. Qe3 Ref7
28. Kg1 Rxb2 29. Bc2 Qf4 30. Bg6 Qxe3+ 31. Rxe3 Rff2 32. Rg3 Rf4 33. Nde2 Rf6
34. Bh5 Ne4 35. Nxe4 dxe4 36. Re3 g6 37. Rg3 Kf7 38. Bg4 h5 39. Nc3 hxg4 40. Nxe4
Rf4 41. Ng5+ Kf6 42. h4 Rxa2 43. Re3 e5 44. Rd3 Ra1+ 45. Kh2 Rd4 46. Rb3 b6 47.
Rc3 Ke7 48. Rc6 g3+ 49. Kxg3 Ra3+ 50. Kf2 Rd2+ 51. Kg1 Raa2 52. Re6+ Kd7 53. Rxg6
Rxg2+ 54. Kf1 Rgc2 0-1

[Event "XV MIEDZYNARODOWY FESTIWAL SZACHOWY PERLA BALTYKU - GRUPA A"]
[Site "LAZY"]
[Date "1899-12-30"]
[Round "1.10"]
[White "Wojtowicz, Wojciech"]
[Black "Kopaczewski, Adam"]
[Result "0-1"]
[WhiteTitle "II"]
[BlackTitle "I++"]
[WhiteElo "1683"]
[BlackElo "2046"]

1. d4 Nf6 2. c4 e5 3. dxe5 Ng4 4. Nf3 Bc5 5. e3 Nc6 6. a3 a5 7. Be2 Ngxe5 8. Nd4
O-O 9. O-O Qh4 10. g3 Qd8 11. Nc3 d6 12. Nd5 Ne7 13. Bd2 Be6 14. Nxe6 fxe6 15.
Nf4 Qd7 16. Bc3 N7c6 17. Rb1 a4 18. h4 Qe7 19. Ng2 Nd7 20. f4 e5 21. Qd5+ Kh8
22. fxe5 Ndxe5 23. Bd4 Nd7 24. Bxc5 Nxc5 25. Rxf8+ Rxf8 26. Rf1 Rxf1+ 27. Kxf1
Qf6+ 28. Nf4 Ne7 29. Qd4 Nf5 30. Qxf6 gxf6 31. Nd5 Nxg3+ 32. Ke1 c6 33. Nxf6 Nf5
34. h5 Nxe3 35. Kd2 Nf5 36. Bg4 Nh6 37. Bc8 Nf7 38. Bf5 h6 39. Nd7 Nxd7 40. Bxd7
Ne5 41. Be6 Kg7 42. Kc3 c5 43. b4 Kf6 44. Bd5 b6 45. bxc5 dxc5 46. Kd2 Kg5 47.
Ke3 Kxh5 48. Kf4 Nd3+ 49. Kg3 Kg5 50. Bc6 Nb2 51. Bb5 Kf5 0-1

[Event "XV MIEDZYNARODOWY FESTIWAL SZACHOWY PERLA BALTYKU - GRUPA A"]
[Site "LAZY"]
[Date "1899-12-30"]
[Round "1.11"]
[White "Betkowski, Andrzej"]
[Black "Straszewski, Tomasz"]
[Result "1/2-1/2"]
[WhiteTitle "k"]
[BlackTitle "I"]
[WhiteElo "2038"]
[BlackElo "1674"]

1. e4 e5 2. Nf3 Nc6 3. d4 exd4 4. Nxd4 Bb4+ 5. c3 Bc5 6. Be3 Bb6 7. Nd2 Nf6 8.
Bd3 Ne5 9. Bc2 O-O 10. Bg5 h6 11. Bh4 Ng6 12. Bg3 Re8 13. O-O d5 14. exd5 Qxd5
15. Bb3 Qd8 16. Qc2 Ne5 17. Rfe1 Bxd4 18. cxd4 Nc6 19. d5 Rxe1+ 20. Rxe1 Nd4 21.
Qxc7 Qxc7 22. Bxc7 Nxb3 23. Nxb3 Nxd5 24. Re8+ Kh7 25. Bd6 b6 26. f3 Bb7 1/2-1/2

[Event "XV MIEDZYNARODOWY FESTIWAL SZACHOWY PERLA BALTYKU - GRUPA A"]
[Site "LAZY"]
[Date "1899-12-30"]
[Round "1.12"]
[White "Jankowski, Igor"]
[Black "Majocha, Piotr"]
[Result "1/2-1/2"]
[WhiteTitle "II+"]
[BlackTitle "I++"]
[WhiteElo "1662"]
[BlackElo "2005"]

1. b4 e5 2. Bb2 Bxb4 3. Bxe5 Nf6 4. Nf3 O-O 5. e3 d5 6. Be2 c5 7. Bb2 Nc6 8. O-O
Bf5 9. d3 Re8 10. Nbd2 b5 11. Nb3 c4 12. Nbd4 Nxd4 13. Bxd4 a6 14. Ne5 Bd6 15.
f4 Bc8 16. Qe1 Qc7 17. Qg3 Bc5 18. Rf3 Bxd4 19. exd4 Qb6 20. c3 Bg4 21. Re3 Bxe2
22. Rxe2 cxd3 23. Qxd3 Ne4 24. Rae1 Qc7 25. Re3 f6 26. Nf3 Qxf4 27. g3 Qc7 28.
Nd2 Nd6 29. Rxe8+ Rxe8 30. Rxe8+ Nxe8 31. Qe3 Kf7 32. Nb3 Qe7 33. Qf3 Nc7 34.
Nc5 Qe1+ 35. Kg2 Qd2+ 36. Kh3 Qxa2 37. Qf5 Qa5 38. Qd7+ Kg6 39. Qg4+ Kf7 40. Qd7+
Kg6 41. Qg4+ Kf7 42. Qd7+ 1/2-1/2

[Event "XV MIEDZYNARODOWY FESTIWAL SZACHOWY PERLA BALTYKU - GRUPA A"]
[Site "LAZY"]
[Date "1899-12-30"]
[Round "1.13"]
[White "Gorkiewicz, Mateusz"]
[Black "Kutowski, Marcel"]
[Result "0-1"]
[WhiteTitle "I"]
[BlackTitle "I"]
[WhiteElo "1985"]
[BlackElo "1659"]

1. e4 c6 2. d4 d5 3. e5 c5 4. dxc5 Nc6 5. Bb5 e6 6. Be3 Nge7 7. c3 Nf5 8. Bd4 Bd7
9. Bxc6 Bxc6 10. Nf3 h5 11. b4 g5 12. h3 Bg7 13. a4 g4 14. hxg4 hxg4 15. Rxh8+
Bxh8 16. Nfd2 Qh4 17. b5 Bd7 18. Qe2 g3 19. Nf3 Qh1+ 20. Qf1 gxf2+ 21. Bxf2 Qxf1+
22. Kxf1 a6 23. b6 Bg7 24. Nbd2 Bh6 25. Ke2 O-O-O 26. Nd4 Nxd4+ 27. cxd4 Rg8 28.
g3 Bxd2 29. Kxd2 Rh8 30. Ke3 Kd8 31. Kf3 Ke7 32. Be3 f6 33. exf6+ Kxf6 34. Bf4
Rh7 35. Ra2 Rh1 36. Kg2 Rh7 37. a5 Bc6 38. Rf2 Rf7 39. g4 Kg6 40. Kg3 Bb5 41.
Rb2 Bc6 42. Re2 Bd7 43. c6 Bxc6 44. Rxe6+ Rf6 45. Re7 Rf7 46. Rc7 Bb5 47. Rc5
Bc4 48. Rc8 Re7 49. Be5 Rf7 50. Rd8 Bb3 51. Bc7 Ba4 52. Rxd5 Bc6 53. Rc5 Rf3+
54. Kg2 Rc3+ 55. Rxc6+ Rxc6 56. d5 Rc3 57. Kf2 Rd3 58. d6 Kf6 59. Bd8+ Ke6 60.
Be7 Rd5 61. g5 Rxa5 62. g6 Rd5 63. Kf3 a5 64. Ke4 Rd1 65. g7 Rg1 66. Kd4 Rxg7
67. Kc4 Rg1 68. Kb3 Rg4 69. Bf8 Rb4+ 70. Ka3 Rxb6 71. Ka4 Rxd6 72. Kxa5 Rc6 73.
Kb5 Kd5 74. Be7 Rc1 75. Bb4 Rb1 76. Ka4 Kc4 77. Ka3 Rxb4 0-1

[Event "XV MIEDZYNARODOWY FESTIWAL SZACHOWY PERLA BALTYKU - GRUPA A"]
[Site "LAZY"]
[Date "1899-12-30"]
[Round "1.14"]
[White "Plocica, Krzysztof"]
[Black "Korosciel, Aneta"]
[Result "0-1"]
[WhiteTitle "I"]
[BlackTitle "m"]
[WhiteElo "1656"]
[BlackElo "1983"]

1. e4 d6 2. d4 Nf6 3. Nc3 c6 4. Nf3 Bg4 5. Be2 e6 6. O-O Be7 7. h3 Bxf3 8. Bxf3
d5 9. Bf4 O-O 10. Re1 Nbd7 11. exd5 cxd5 12. Nb5 a6 13. Nc3 Rc8 14. Ne2 b5 15.
Bh2 Nb6 16. Nf4 Bd6 17. c3 Qc7 18. g3 Nc4 19. Nd3 a5 20. Qe2 Nd7 21. b4 Ra8 22.
Nc5 axb4 23. cxb4 Nb8 24. Nxe6 fxe6 25. Qxe6+ Kh8 26. Qxd5 Ra3 27. Be4 Qf7 28.
Qxf7 Rxf7 29. Bd5 Rf8 30. Re6 Bxb4 31. g4 Nd7 32. Rb1 Ra4 33. Bc6 Na3 34. Rb3
Nb8 35. Be8 Na6 36. Be5 Be1 37. f3 Bb4 38. Kg2 Kg8 39. Bc6 Nc4 40. Bd5 Rxa2+ 41.
Kg1 Ra1+ 42. Kh2 Kh8 43. Rc6 Na5 0-1

[Event "XV MIEDZYNARODOWY FESTIWAL SZACHOWY PERLA BALTYKU - GRUPA A"]
[Site "LAZY"]
[Date "1899-12-30"]
[Round "1.15"]
[White "Grzesik, Gracjan"]
[Black "Sowinski, Pawel"]
[Result "1-0"]
[WhiteTitle "I+"]
[BlackTitle "I+"]
[WhiteElo "1973"]
[BlackElo "1644"]

1. c4 Nf6 2. Nc3 g6 3. g3 Bg7 4. Bg2 c6 5. e4 d6 6. d4 Nbd7 7. Nge2 O-O 8. O-O
Rb8 9. f4 e5 10. h3 exd4 11. Nxd4 Nb6 12. b3 Nh5 13. Kh2 d5 14. cxd5 Nf6 15. Ba3
Re8 16. d6 Nfd7 17. Rc1 Qf6 18. e5 Nxe5 19. fxe5 Qxe5 20. Nf3 Qh5 21. Re1 Bg4
22. Qd3 Bxc3 23. Qxc3 Nd5 24. Qd3 Bf5 25. Qd4 Qh6 26. Bb2 f6 27. Nh4 Ne3 28. Qxf6
Nxg2 29. Nxf5 Qd2 30. Qg7# 1-0

[Event "XV MIEDZYNARODOWY FESTIWAL SZACHOWY PERLA BALTYKU - GRUPA A"]
[Site "LAZY"]
[Date "1899-12-30"]
[Round "1.16"]
[White "Pyzio, Amelia"]
[Black "Puksza, Andrzej"]
[Result "0-1"]
[WhiteTitle "I++"]
[BlackTitle "I"]
[WhiteElo "1616"]
[BlackElo "1973"]

1. e4 e6 2. d4 d5 3. exd5 exd5 4. c4 c6 5. Nc3 Be6 6. c5 Nf6 7. Bf4 Nbd7 8. Nf3
Nh5 9. Be3 g6 10. Bd3 Bg7 11. O-O O-O 12. Re1 Re8 13. b4 f5 14. h3 Ndf6 15. Qb3
Ne4 16. a4 Qd7 17. Rad1 Nxc3 18. Qxc3 f4 19. Bc1 Bxh3 20. gxh3 Qxh3 21. Bf1 Qg4+
22. Bg2 Nf6 23. Ne5 Qg5 24. Qh3 Ne4 25. Nd3 Bxd4 26. Bxf4 Nxf2 27. Nxf2 Bxf2+
28. Kxf2 Qxf4+ 29. Bf3 Qxb4 30. Qd7 Qh4+ 31. Kf1 Rxe1+ 32. Rxe1 Rf8 33. Qe6+ Kg7
34. Kg2 Qg5+ 35. Kf2 Qf6 36. Qe3 Rf7 37. Rd1 Qf4 38. Qc3+ Kg8 39. Qd3 Re7 40.
a5 Re5 41. Rh1 Qb4 42. Kg2 Qxc5 43. Qd2 Qe7 44. Kf2 Qf6 45. Qd3 Rf5 46. Kg2 Qb2+
47. Kg3 Rg5+ 48. Kh4 Qe5 49. Bd1 Rh5+ 50. Bxh5 Qxh5+ 0-1

[Event "XV MIEDZYNARODOWY FESTIWAL SZACHOWY PERLA BALTYKU - GRUPA A"]
[Site "LAZY"]
[Date "1899-12-30"]
[Round "1.17"]
[White "Kostecka, Marika"]
[Black "Lambrecht, Tomasz"]
[Result "1-0"]
[WhiteTitle "WCM"]
[BlackTitle "II"]
[WhiteElo "1924"]
[BlackElo "1601"]

1. e4 c6 2. d4 d5 3. Nc3 dxe4 4. Nxe4 Bf5 5. Ng3 Bg6 6. h4 h6 7. h5 Bh7 8. Nf3
Nd7 9. Bd3 Bxd3 10. Qxd3 Qc7 11. Be3 Ngf6 12. O-O-O e6 13. Ne4 O-O-O 14. c4 Nc5
15. Nxc5 Bxc5 16. Qc2 Bd6 17. Rh4 c5 18. Kb1 Rhe8 19. a3 cxd4 20. Nxd4 Bc5 21.
b4 Qb6 22. Ka2 Bxd4 23. Bxd4 Qd6 24. Rhh1 Qa6 25. Bc5 b6 26. Bd6 Qb7 27. c5 Qc6
28. b5 Qe4 29. Qc1 bxc5 30. Qxc5+ Kb7 31. Rhe1 Qxg2 32. Qc7+ Ka8 33. Bc5 1-0

[Event "XV MIEDZYNARODOWY FESTIWAL SZACHOWY PERLA BALTYKU - GRUPA A"]
[Site "LAZY"]
[Date "1899-12-30"]
[Round "1.18"]
[White "Sandomierski, Cyprian"]
[Black "Ulrych, Wojciech"]
[Result "0-1"]
[WhiteTitle "II+"]
[BlackTitle "I++"]
[WhiteElo "1597"]
[BlackElo "1870"]

1. e4 c5 2. Nf3 e6 3. d4 cxd4 4. Nxd4 Nc6 5. Be3 Qc7 6. Nb5 Qb8 7. a4 Nf6 8. f3
a6 9. Nd4 Bd6 10. g3 O-O 11. Bd3 Qa7 12. c3 Bc5 13. Be2 d5 14. Nxc6 bxc6 15. Bxc5
Qxc5 16. b4 Qa7 17. Nd2 Qe3 18. Qc2 Rd8 19. Qd3 Qa7 20. Nb3 e5 21. Nc5 Qe7 22.
O-O-O a5 23. Qe3 axb4 24. cxb4 Rb8 25. Qa3 Nd7 26. exd5 Nxc5 27. bxc5 Qg5+ 28.
Kc2 Bf5+ 29. Bd3 cxd5 30. Rhe1 e4 31. fxe4 dxe4 32. Bxe4 Bxe4+ 33. Kc3 Rxd1 34.
Rxd1 Qe3+ 0-1

[Event "XV MIEDZYNARODOWY FESTIWAL SZACHOWY PERLA BALTYKU - GRUPA A"]
[Site "LAZY"]
[Date "1899-12-30"]
[Round "1.19"]
[White "Sobczynski, Roman"]
[Black "Smietanska, Wiktoria"]
[Result "1-0"]
[WhiteTitle "I+"]
[BlackTitle "CM"]
[WhiteElo "1849"]
[BlackElo "1595"]

1. e4 c5 2. Nf3 d6 3. d4 cxd4 4. Nxd4 Nf6 5. Nc3 a6 6. Be2 e5 7. Nb3 Be7 8. O-O
Nc6 9. Kh1 b5 10. a3 Bb7 11. Bg5 O-O 12. Qd2 Rc8 13. Rad1 Ne8 14. Bxe7 Nxe7 15.
f4 Qc7 16. Bg4 Rb8 17. fxe5 dxe5 18. Qe3 Nf6 19. Be2 Rfd8 20. Nc5 Nc6 21. Nxb7
Qxb7 22. Bd3 Nd4 23. Qg3 Qe7 24. Nd5 Nxd5 25. exd5 Rd6 26. c3 Nb3 27. Bc2 Nc5
28. Qe3 Nd7 29. Rfe1 Re8 30. b3 Nb6 31. c4 bxc4 32. bxc4 Rh6 33. c5 Qh4 34. h3
Nc4 35. Qc3 Rf6 36. Re4 Rf4 37. Qxc4 Rxe4 38. Qxe4 Qh5 39. d6 1-0

[Event "XV MIEDZYNARODOWY FESTIWAL SZACHOWY PERLA BALTYKU - GRUPA A"]
[Site "LAZY"]
[Date "1899-12-30"]
[Round "1.20"]
[White "Siekanska, Zuzanna"]
[Black "Szydelko, Michal"]
[Result "1/2-1/2"]
[WhiteTitle "I"]
[BlackTitle "I"]
[WhiteElo "1582"]
[BlackElo "1843"]

1. d4 d5 2. c4 e6 3. Nc3 Nf6 4. cxd5 exd5 5. Bg5 Be7 6. e3 c6 7. Bd3 Nbd7 8. Qc2
h6 9. Bh4 O-O 10. Nf3 Re8 11. O-O Ne4 12. Bg3 Nxg3 13. hxg3 Bf6 14. Ne2 Nf8 15.
Nf4 Ne6 16. Nh5 Ng5 17. Nxf6+ Qxf6 18. Ne5 Qd6 19. Rae1 h5 20. f4 Ne4 21. Bxe4
dxe4 22. Qxe4 f6 23. Nc4 Qf8 24. Qc2 Be6 25. b3 Rac8 26. f5 Bf7 27. Nd2 Qb4 28.
Nf3 Qd6 29. Kf2 a5 30. e4 Qb4 31. Rd1 a4 32. bxa4 Ra8 33. e5 Bd5 34. e6 Rxa4 35.
Rb1 Qa5 36. Rxb7 Rxa2 37. Rb2 Rxb2 38. Qxb2 Bxf3 39. gxf3 Qxf5 40. Re1 Rxe6 41.
Qb3 Kf7 42. Re4 Qd5 43. Qb7+ Kg6 44. Rxe6 Qxe6 45. Qb1+ Qf5 46. Qc1 Qd5 47. Qc2+
Kf7 48. Qb2 g5 49. Qb7+ Kg6 50. Qb4 h4 51. gxh4 gxh4 52. Qc3 Qa2+ 53. Ke3 Qe6+
54. Kf2 Qd5 55. Qe3 Qa2+ 56. Kg1 h3 57. Qe4+ f5 58. Qe8+ Kg5 59. Qe3+ Kg6 60.
Qe8+ Kg5 61. Qe3+ Kg6 62. Qe8+ Kg7 63. Qe5+ Kg6 64. Qg3+ Kf6 65. Qe5+ Kg6 66.
Qg3+ Kf7 1/2-1/2

[Event "XV MIEDZYNARODOWY FESTIWAL SZACHOWY PERLA BALTYKU - GRUPA A"]
[Site "LAZY"]
[Date "1899-12-30"]
[Round "1.21"]
[White "Starosta, Martyna"]
[Black "Sloniewska, Alicja"]
[Result "1-0"]
[WhiteTitle "WCM"]
[BlackTitle "I"]
[WhiteElo "1841"]
[BlackElo "1531"]

1. e4 c6 2. d4 d5 3. Nc3 dxe4 4. Nxe4 Bf5 5. Ng3 Bg6 6. h4 h6 7. Nf3 Nd7 8. Bd3
Bxd3 9. Qxd3 Ngf6 10. Bd2 e6 11. O-O-O Be7 12. Kb1 O-O 13. Ne4 Nxe4 14. Qxe4 Nf6
15. Qe2 Qd5 16. Ne5 Rfd8 17. f3 Bd6 18. c4 Qxd4 19. Ba5 Qxe5 20. Qxe5 Bxe5 21.
Rxd8+ Rxd8 22. Bxd8 Kf8 23. Ba5 c5 24. Kc2 Nh5 25. Rd1 Bd4 26. Bc3 Bxc3 27. Kxc3
Ke7 28. a3 Nf4 29. Rd2 Ng6 30. h5 Ne5 31. b4 cxb4+ 32. axb4 Nd7 33. b5 Nb6 34.
Ra2 Nc8 35. c5 Kd7 36. Ra4 f5 37. Rd4+ Kc7 38. g4 a6 39. b6+ Kc6 40. Kc4 Nxb6+
41. cxb6 Kxb6 42. Rd6+ Ka5 43. Rxe6 b5+ 44. Kb3 b4 45. gxf5 Kb5 46. Re5+ Kb6 47.
Kxb4 1-0

[Event "XV MIEDZYNARODOWY FESTIWAL SZACHOWY PERLA BALTYKU - GRUPA A"]
[Site "LAZY"]
[Date "1899-12-30"]
[Round "1.22"]
[White "Lazniewski, Tadeusz"]
[Black "Hasinski, Krystian"]
[Result "0-1"]
[WhiteTitle "II+"]
[BlackTitle "I++"]
[WhiteElo "1518"]
[BlackElo "1836"]

1. e4 c6 2. d4 d5 3. Nc3 e6 4. Nf3 b6 5. Be2 Ba6 6. Bxa6 Nxa6 7. exd5 cxd5 8. O-O
Nc7 9. Ne5 Nf6 10. Bg5 Be7 11. Re1 O-O 12. Qf3 h6 13. Nc6 Qd6 14. Nxe7+ Qxe7 15.
Bh4 Rad8 16. a3 a6 17. Bxf6 Qxf6 18. Qxf6 gxf6 19. Re3 Rd6 20. f4 f5 21. a4 Rc6
22. Re2 Rc4 23. Rd2 Ne8 24. Ne2 Nf6 25. Ng3 Rfc8 26. c3 b5 27. axb5 axb5 28. Rd3
b4 29. Rc1 Ne4 30. Nxe4 fxe4 31. Re3 Rxd4 32. cxd4 Rxc1+ 33. Kf2 Rc4 34. b3 Rxd4
35. Ke2 Kh7 36. Rg3 f6 37. h3 h5 38. h4 Kh6 39. Re3 Kg6 40. g3 Kf5 41. Ke1 Kg4
42. Ke2 Rd3 43. Rxd3 exd3+ 44. Kxd3 e5 45. fxe5 0-1

[Event "XV MIEDZYNARODOWY FESTIWAL SZACHOWY PERLA BALTYKU - GRUPA A"]
[Site "LAZY"]
[Date "1899-12-30"]
[Round "1.23"]
[White "Pacuszka, Wioletta"]
[Black "Kusiak, Mateusz"]
[Result "1/2-1/2"]
[WhiteTitle "I++"]
[BlackTitle "I"]
[WhiteElo "1836"]
[BlackElo "1514"]

1. e4 c5 2. Nf3 Nc6 3. d4 cxd4 4. Nxd4 g6 5. g3 Bg7 6. Ne2 Nf6 7. Nbc3 O-O 8. Bg2
d6 9. h3 Bd7 10. O-O Ne5 11. b3 Bc6 12. Nd5 Bd7 13. Rb1 Rc8 14. Be3 Nxd5 15. exd5
Bf5 16. Nd4 Qc7 17. Nxf5 gxf5 18. c4 e6 19. Qd2 Ng6 20. h4 h5 21. Qe2 e5 22. Qxh5
f4 23. Bd2 Qc5 24. Qg4 fxg3 25. Qxg3 Qd4 26. Bg5 b5 27. Bf3 bxc4 28. h5 e4 29.
Bd1 c3 30. Bc2 Ne5 31. Rbd1 Nf3+ 32. Kg2 Qe5 33. Bf4 Qxh5 34. Rh1 Qg6 35. Bxe4
Qxe4 36. Qxf3 Qg6+ 37. Kh2 Qh7+ 38. Kg2 Qg6+ 39. Kh2 Qh7+ 40. Kg2 1/2-1/2

[Event "XV MIEDZYNARODOWY FESTIWAL SZACHOWY PERLA BALTYKU - GRUPA A"]
[Site "LAZY"]
[Date "1899-12-30"]
[Round "1.24"]
[White "Bochenek, Ryszard"]
[Black "Babiarz, Arkadiusz"]
[Result "0-1"]
[WhiteTitle "II"]
[BlackTitle "I++"]
[WhiteElo "1358"]
[BlackElo "1833"]

1. d4 d5 2. Nf3 Nf6 3. g3 c5 4. Bg2 cxd4 5. Nxd4 e5 6. Nf3 Nc6 7. O-O Bc5 8. Nc3
Be6 9. Bg5 e4 10. Ne1 Bd4 11. Qd2 h6 12. Bxf6 Qxf6 13. Rb1 Rd8 14. Nb5 Bb6 15.
c3 O-O 16. Nc2 Ne5 17. Nbd4 Nc4 18. Qc1 Rfe8 19. b3 Nd6 20. Qd2 Rc8 21. Rfc1 Rc7
22. e3 Ba5 23. b4 Nc4 24. Qe1 Bb6 25. Nb5 Rd7 26. Nca3 Ne5 27. Qd2 Bh3 0-1

[Event "XV MIEDZYNARODOWY FESTIWAL SZACHOWY PERLA BALTYKU - GRUPA A"]
[Site "LAZY"]
[Date "1899-12-30"]
[Round "2.1"]
[White "Puksza, Andrzej"]
[Black "Koziak, Vitali"]
[Result "0-1"]
[WhiteTitle "I"]
[BlackTitle "IM"]
[WhiteElo "1973"]
[BlackElo "2473"]

1. e4 c5 2. c3 Nf6 3. e5 Nd5 4. d4 cxd4 5. cxd4 d6 6. Nf3 Nc6 7. Bc4 dxe5 8. dxe5
Ndb4 9. Qxd8+ Nxd8 10. Na3 a6 11. Bd2 e6 12. O-O b5 13. Be2 Bb7 14. Rfc1 Be7 15.
Nc2 Nd5 16. Nfd4 Nc6 17. Nxc6 Bxc6 18. Ne3 Kd7 19. Bf3 Rac8 20. Nxd5 Bxd5 21.
Bxd5 exd5 22. Be3 Rxc1+ 23. Rxc1 Rc8 24. Rxc8 Kxc8 25. Kf1 Kd7 26. Ke2 g5 27.
f4 gxf4 28. Bxf4 Ke6 29. Kd3 Bd8 30. g3 Bc7 31. Kd4 Bb6+ 32. Kd3 Kf5 33. h3 h5
34. h4 Bf2 35. Ke2 Bd4 36. Bc1 Kg4 37. Bf4 Bxb2 38. Kd3 Kf5 0-1